书目信息 |
| 题名: |
您会自行处理交通事故吗?
|
|
| 作者: | ;北京市公安局公安交通管理局 编 | |
| 分册: | ||
| 出版信息: | 北京 中国法制出版社 2003 |
|
| 页数: | 174页 | |
| 开本: | 20cm | |
| 丛书名: | ||
| 单 册: | ||
| 中图分类: | U491.31 | |
| 科图分类: | ||
| 主题词: | 交通运输事故--处理--基本知识 , 交通运输事故 | |
| 电子资源: | ||
| ISBN: | 7-80083-807-2 | |
| 000 | 00917nam0 2200253 45 | |
| 001 | lzj178634 | |
| 005 | 20061214095245.89 | |
| 010 | @a7-80083-807-2@dCNY17.00 | |
| 092 | @aCN@b178634 | |
| 100 | @a20050808d2003 em y0chiy0121 ea | |
| 101 | 0 | @achi |
| 102 | @aCN@b110000 | |
| 105 | @aa nz 000yy | |
| 200 | 1 | @a您会自行处理交通事故吗?@9nin hui zi xing chu li jiao tong shi gu ma?@f北京市公安局公安交通管理局编 |
| 210 | @a北京@c中国法制出版社@d2003 | |
| 215 | @a174页@c图@d20cm | |
| 300 | @a驾驶员自行处理交通事故辅导手册 | |
| 330 | @a本书让您了解那些交通事故可以自行协商解决以及掌握自行协商解决交通事故的技能,学会自己添写、使用《协议书》等等。 | |
| 606 | 0 | @a交通运输事故@x处理@x基本知识 |
| 606 | 0 | @a交通运输事故 |
| 690 | @aU491.31@v4 | |
| 711 | 01 | @a北京市公安局公安交通管理局@9bei jing shi gong an ju gong an jiao tong guan li ju@4编 |
| 801 | 0 | @aCN@bLZJBOOK@c20061214 |
| 905 | @a10447@dU491.31@e146 | |
| 您会自行处理交通事故吗?/北京市公安局公安交通管理局编.-北京:中国法制出版社,2003 |
| 174页:图;20cm |
| 驾驶员自行处理交通事故辅导手册 |
| ISBN 7-80083-807-2:CNY17.00 |
| 本书让您了解那些交通事故可以自行协商解决以及掌握自行协商解决交通事故的技能,学会自己添写、使用《协议书》等等。 |
| ● |
| 相关链接 |
|
|
|
|
正题名:您会自行处理交通事故吗?
索取号:U491.31/146
 
预约/预借
| 序号 | 登录号 | 条形码 | 馆藏地/架位号 | 状态 | 备注 |
| 1 | 0550738 | 205507389 | 第二样本阅览室/ [索取号:U491.31/146] | 在馆 | |
| 2 | 0550739 | 205507398 | 第三借阅区/ [索取号:U491.31/146] | 在馆 | |
| 3 | 0550740 | 205507405 | 第三借阅区/ [索取号:U491.31/146] | 在馆 | |
| 4 | 0550741 | 205507414 | 第三借阅区/ [索取号:U491.31/146] | 在馆 | |
| 5 | 0550742 | 205507423 | 第三借阅区/ [索取号:U491.31/146] | 在馆 | |
| 6 | 0550743 | 205507432 | 第三借阅区/ [索取号:U491.31/146] | 在馆 | |
| 7 | 0550744 | 205507441 | 第三借阅区/ [索取号:U491.31/146] | 在馆 | |
| 8 | 0550745 | 205507450 | 第三借阅区/ [索取号:U491.31/146] | 在馆 |